000 00622nam a2200217 a 4500
005 20210223124532.0
008 020115s1998 es r 000 0 spa d
020 _a8483161265
035 _aUPN01000114563
049 _aCG
050 4 _aHS35
_bM3.2
100 1 _aMartí, Lluís
245 1 0 _aCómo fundar una asociación /
_cLluís Martí, Irene Monferrer.
260 _aMadrid :
_bCCS,
_c1998.
300 _a156 p.
440 0 _aEscuela de animación ;
_v12
650 4 _aASOCIACIONES, INSTITUCIONES, ETC.
_98458
650 4 _aLIBERTAD DE ASOCIACION
_97665
700 1 _aMonferrer, Irene,
_ecoaut.
905 _aLibro
999 _c88470
_d88470